[Event "Rohde op 06th"]
[Site "Sautron"]
[Date "2006.10.29"]
[Round "2"]
[White "Vanino, Jean Michel"]
[Black "Desnoes, Anne Laure"]
[Result "1-0"]
[WhiteElo "1718"]
[BlackElo "1510"]
[PlyCount "23"]
[EventDate "2006.10.28"]
[EventType "swiss"]
[EventRounds "9"]
[EventCountry "FRA"]
[SourceTitle "EXT 2007"]
[Source "ChessBase"]
[SourceDate "2006.11.23"]
[SourceVersion "1"]
[SourceVersionDate "2006.11.23"]
[SourceQuality "1"]

1. d4 d5 2. Nc3 Nf6 3. e4 dxe4 4. f3 exf3 5. Nxf3 a6 6. Bd3 Nc6 7. a3 Nxd4 8. Nxd4 e5 9. Nf3 Bg4 10. Qe2 Bd6 11. 0-0 h6 12. h3 1-0

[Event "Hennebont Grand Prix"]
[Site "Hennebont"]
[Date "2006.08.06"]
[Round "4"]
[White "Vanino, Jean Michel"]
[Black "Robveille, Laurent"]
[Result "0-1"]
[WhiteElo "1560"]
[BlackElo "1933"]
[PlyCount "75"]
[EventDate "2006.08.05"]
[EventType "swiss"]
[EventRounds "7"]
[EventCountry "FRA"]
[SourceTitle "EXT 2007"]
[Source "ChessBase"]
[SourceDate "2006.11.23"]
[SourceVersion "1"]
[SourceVersionDate "2006.11.23"]
[SourceQuality "1"]

1. d4 d5 2. Nc3 Nf6 3. e4 c6 4. e5 Nfd7 5. f4 e6 6. Nf3 c5 7. Be3 Nc6 8. Bb5 a6 9. Bxc6 bxc6 10. 0-0 Be7 11. Ne2 0-0 12. c3 a5 13. Ng3 Ba6 14. Re1 Rb8 15. Qc2 g6 16. Ne2 h5 17. dxc5 Nxc5 18. Red1 Ne4 19. Ng3 Nxg3 20. hxg3 c5 21. Nd2 Qb6 22. Rab1 Rfc8 23. Nf3 Qb5 24. Qf2 Qe2 25. Rd2 Qxf2+ 26. Bxf2 Rb7 27. Nh2 Rcb8 28. g4 hxg4 29. Nxg4 Kg7 30. g3 a4 31. Be3 c4 32. f5 gxf5 33. Nh6 a3 34. Rh2 Rxb2 35. Rf1 Rxh2 36. Kxh2 Rb2+ 37. Kh3 Rxa2 38. g4 0-1

[Event "Hennebont Grand Prix"]
[Site "Hennebont"]
[Date "2006.08.05"]
[Round "1"]
[White "Hocher, Eugene"]
[Black "Vanino, Jean Michel"]
[Result "1-0"]
[WhiteElo "1810"]
[BlackElo "1560"]
[PlyCount "60"]
[EventDate "2006.08.05"]
[EventType "swiss"]
[EventRounds "7"]
[EventCountry "FRA"]
[SourceTitle "EXT 2007"]
[Source "ChessBase"]
[SourceDate "2006.11.23"]
[SourceVersion "1"]
[SourceVersionDate "2006.11.23"]
[SourceQuality "1"]

1. d4 Nf6 2. Nc3 d6 3. e4 g6 4. Bg5 Bg7 5. Qd2 0-0 6. Bc4 c6 7. Bh6 b5 8. Bd3 Qb6 9. Nge2 a6 10. a4 b4 11. Na2 a5 12. Nac1 Ba6 13. Nb3 Bxd3 14. cxd3 Nbd7 15. Rc1 Rac8 16. Bxg7 Kxg7 17. 0-0 e5 18. Qg5 exd4 19. Nbxd4 Ne5 20. Nf5+ Kg8 21. Ne7+ Kg7 22. Nxc8 Rxc8 23. h3 Nxd3 24. Rc4 Re8 25. Ng3 Re6 26. b3 d5 27. exd5 Nxf2 28. Rxf2 Re1+ 29. Nf1 Re2 30. Qxf6+ Kg8 1-0